| 000 | 00727nam a22001935i 4500 | ||
|---|---|---|---|
| 001 | 163934 | ||
| 003 | ES-MaACL | ||
| 005 | 20250717091901.0 | ||
| 008 | 021001s1897 sp |||| | spa d | ||
| 040 |
_aCCPB | B _bspa _cCCPB | B |
||
| 100 | 1 |
_aRomero Molezúm, Francisco. _9132032 |
|
| 245 | 1 | 0 |
_aArticulaciones falsas ó de la calavera / _cpor Francisco Romero Molezúm. |
| 260 |
_aSantiago : _bimp. y pap. de la Gaceta de Galicia, _c1897. |
||
| 300 |
_a39 p. ; _c21 cm. |
||
| 594 | _aPrecede al tít.: "Doctorado en Medicina y Cirujía" | ||
| 650 | 7 |
_aAnatomía humana _2embne _99801 |
|
| 852 |
_aES-MaACL _jT-854-F-1 _z-- Enc. hol. conservando la cub. original _z-- Enc. en un vol. facticio |
||
| 999 |
_c163934 _d163934 |
||